[Event "27e tournoi 1hKO"]
[Site "Montigny le Bretonneux"]
[Date "2025.05.29"]
[Round "2.2"]
[White "Baysse, Nathan"]
[Black "Krivcenko, Aleksandrs"]
[Result "0-1"]
[WhiteElo "1717"]
[BlackElo "1919"]
[Annotator "Rivier,Sylvain"]
[PlyCount "72"]
[EventDate "2025.??.??"]
[WhiteTeam "La Dame Noire"]
[BlackTeam "Fontainebleau-Avon"]

{Défense sicilienne, variante Rubinstein} 1. e4 c5 2. Nf3 Nc6 3. Nc3 Nf6 4. d3
g6 5. Be2 Bg7 6. O-O d6 7. h3 O-O 8. Bg5 h6 9. Be3 e5 10. Qd2 Kh7 11. Rab1 a6
12. a3 Ne8 13. b4 f5 14. exf5 gxf5 15. Qe1 cxb4 16. axb4 d5 17. Bc5 Rg8 18. Na4
e4 19. dxe4 fxe4 20. Nb6 Bxh3 21. g3 Bxf1 22. Qxf1 exf3 23. Bd3+ Kh8 24. Nxa8
Qxa8 25. Qh3 Nf6 26. b5 axb5 27. Bxb5 Qa2 28. Re1 Qxc2 29. Be3 Qg6 30. Rd1 Rd8
31. Bb6 Re8 32. Be3 Qh5 33. Qxh5 Nxh5 34. Kh2 Nf6 35. Kh3 Re5 36. g4 Ne4 0-1

[Event "27e tournoi 1hKO"]
[Site "Montigny le Bretonneux"]
[Date "2025.05.29"]
[Round "2.3"]
[White "Suffert, Martin"]
[Black "Nguyen-Vany, Jean"]
[Result "1-0"]
[WhiteElo "1896"]
[BlackElo "1653"]
[Annotator "Rivier,Sylvain"]
[PlyCount "56"]
[EventDate "2025.??.??"]
[WhiteTeam "la Tour des Clayes"]
[BlackTeam "Echiquier Médocain"]

{Gambit dame, défense slave} 1. d4 d5 2. c4 c6 3. Nf3 Bf5 4. Nc3 e6 5. Bg5 Nf6
6. e3 Nbd7 7. Be2 Be7 8. Nh4 Bg6 9. O-O Ne4 10. Nxg6 hxg6 11. Bxe7 Qxe7 12. g3
f5 13. f3 Nef6 14. Kg2 g5 15. e4 fxe4 16. fxe4 dxe4 17. Qc2 O-O-O 18. Nxe4 Nxe4
19. Qxe4 Nf6 20. Qe3 g4 21. Rf4 g5 22. Rf2 Rdg8 23. Kg1 Rh6 24. Rd1 Rgh8 25.
Rd2 Nd7 26. Bxg4 Re8 27. Rde2 Kb8 28. d5 cxd5 {suite illisible} 1-0

[Event "27e tournoi 1hKO"]
[Site "Montigny le Bretonneux"]
[Date "2025.05.29"]
[Round "2.4"]
[White "Fayolle, Guy"]
[Black "Forissier, Nicolas"]
[Result "1/2-1/2"]
[WhiteElo "1683"]
[BlackElo "1890"]
[Annotator "Rivier,Sylvain"]
[PlyCount "41"]
[EventDate "2025.??.??"]
[WhiteTeam "Saint-Quentin en Yvelines"]
[BlackTeam "La Dame Noire"]

{Partie italienne, guiocco piano} 1. e4 e5 2. Nf3 Nc6 3. Bc4 Bc5 4. c3 Nf6 5.
d3 d6 6. Bg5 Be6 7. Bb5 Bd7 8. O-O h6 9. Bh4 Bb6 10. h3 g5 11. Bg3 Nh5 12. Kh2
Nxg3 13. fxg3 Qe7 14. d4 exd4 15. cxd4 O-O-O 16. Nc3 g4 17. Ng1 Nxd4 18. Bxd7+
Qxd7 19. Nd5 Nc6 20. a4 Bd4 21. Rb1 {suite illisible} 1/2-1/2

[Event "27e tournoi 1hKO"]
[Site "Montigny le Bretonneux"]
[Date "2025.05.29"]
[Round "2.5"]
[White "Thibous, Leo"]
[Black "Saint-Esteben, Anton"]
[Result "1-0"]
[WhiteElo "1862"]
[BlackElo "1650"]
[Annotator "Rivier,Sylvain"]
[PlyCount "73"]
[EventDate "2025.??.??"]
[WhiteTeam "Fontainebleau-Avon"]
[BlackTeam "Club d'Echecs du Vesinet"]

{Défense scandinave} 1. e4 d5 2. exd5 Qxd5 3. Nc3 Qa5 4. Bc4 Bf5 5. d3 Nd7 6.
Bd2 c6 7. Qe2 Ngf6 8. Nb5 Qb6 9. Nd6+ Kd8 10. Nxf7+ Ke8 11. Nd6+ Kd8 12. Nxf5
Qxb2 13. Rc1 g6 14. Ng3 Bg7 15. Nf3 Nd5 16. O-O N7b6 17. Ng5 Qf6 18. N3e4 Qf5
19. g4 Qd7 20. Nc5 Qe8 21. Nce6+ Kc8 22. Nxg7 Qd7 23. Qe6 Rg8 24. Qxd7+ Kxd7
25. N7e6 h6 26. Nc5+ Kc7 27. Nge4 Rh8 28. Rfe1 Nd7 29. Nxd7 Kxd7 30. Nc5+ Kc7
31. Bxd5 cxd5 32. Bf4+ Kc6 33. d4 g5 34. Re6+ Kb5 35. Bd2 b6 36. Rb1+ Kc4 37.
Rb4# 1-0

[Event "27e tournoi 1hKO"]
[Site "Montigny le Bretonneux"]
[Date "2025.05.29"]
[Round "2.6"]
[White "Alluch Abdellach, Nordin"]
[Black "Plantet, Marc"]
[Result "1/2-1/2"]
[WhiteElo "1665"]
[BlackElo "1854"]
[Annotator "Rivier,Sylvain"]
[PlyCount "75"]
[EventDate "2025.??.??"]
[WhiteTeam "Saint-Quentin en Yvelines"]
[BlackTeam "La Dame Noire"]

{Défense est-indienne} 1. d4 Nf6 2. Nf3 g6 3. c4 Bg7 4. Nc3 O-O 5. e3 c5 6.
Qc2 e6 7. b3 d5 8. Bb2 Nc6 9. a3 cxd4 10. exd4 Re8 11. Be2 e5 12. dxe5 Bf5 13.
Qd1 Nxe5 14. O-O Nxf3+ 15. Bxf3 Ne4 16. Rc1 Bh6 17. Ra1 dxc4 18. Nd5 c3 19.
Nxc3 Nd2 20. Re1 Rxe1+ 21. Qxe1 Nxf3+ 22. gxf3 Bh3 23. Ne4 Bg7 24. Bxg7 Kxg7
25. Qc3+ f6 26. f4 Bf5 27. Ng5 Rc8 28. Qb2 Rc2 29. Qxc2 fxg5 30. Qc3+ Kh6 31.
Qg3 g4 32. Qe3 Qd5 33. Re1 a6 34. Qe7 Qd4 35. Qg5+ Kg7 36. Qe7+ Kh6 37. Qg5+
Kg7 38. Qe7+ 1/2-1/2

[Event "27e tournoi 1hKO"]
[Site "Montigny le Bretonneux"]
[Date "2025.05.29"]
[Round "2.7"]
[White "Almeida, Oscar Coelho"]
[Black "Ferreira-Yang, Maxime"]
[Result "1-0"]
[WhiteElo "1822"]
[BlackElo "1619"]
[Annotator "Rivier,Sylvain"]
[PlyCount "53"]
[EventDate "2025.??.??"]
[WhiteTeam "Saint-Quentin en Yvelines"]
[BlackTeam "Club d'Echecs de Guyancourt"]

{Défense des deux cavaliers} 1. e4 e5 2. Nf3 Nc6 3. Bc4 Nf6 4. Ng5 Nxe4 5.
Bxf7+ Ke7 6. d3 Nf6 7. Bb3 d5 8. O-O Qd6 9. Nc3 h6 10. Nf3 Bg4 11. Re1 Re8 12.
Bd2 Kd8 13. h3 Bh5 14. g4 Bg6 15. Ne2 e4 16. Bf4 Qd7 17. dxe4 Bxe4 18. Ng3 Bc5
19. Ba4 Kc8 20. Ne5 Qe6 21. Nxc6 bxc6 22. Nf5 Rhg8 23. Nd4 Bxd4 24. Qxd4 g5 25.
Bg3 h5 26. Qxa7 Qxg4 27. Qxc7# 1-0

[Event "27e tournoi 1hKO"]
[Site "Montigny le Bretonneux"]
[Date "2025.05.29"]
[Round "2.8"]
[White "Pujol, Nicolas"]
[Black "Alami Messaoudi, Wissam"]
[Result "0-1"]
[WhiteElo "1654"]
[BlackElo "1784"]
[Annotator "Rivier,Sylvain"]
[PlyCount "60"]
[EventDate "2025.??.??"]
[WhiteTeam "CE Le Roi Soleil - Le Chesnay - Versailles"]
[BlackTeam "La Dame Noire"]

{Défense française} 1. c4 e6 2. e4 d5 3. cxd5 exd5 4. exd5 Nf6 5. Bb5+ Bd7 6.
Bc4 Bd6 7. Qe2+ Qe7 8. Qxe7+ Kxe7 9. Nc3 c6 10. Nf3 Re8 11. O-O Kf8 12. d3 h6
13. h3 a5 14. a4 Na6 15. dxc6 bxc6 16. Bd2 Nb4 17. Na2 Nfd5 18. Rac1 Bf5 19.
Nd4 Nxa2 20. Bxa2 Bxd3 21. Rfd1 Bg6 22. Nxc6 Nf4 23. Bxf4 Bxf4 24. Rc5 Re2 25.
Nxa5 Rxa5 26. Rc8+ Re8 27. Rc4 Bb8 28. Rb4 Rae5 29. g3 Ba7 30. Bc4 f6 {suite
non notée} 0-1

[Event "27e tournoi 1hKO"]
[Site "Montigny le Bretonneux"]
[Date "2025.05.29"]
[Round "2.9"]
[White "Fasquelle, Cedric"]
[Black "Hellal, Ayoub"]
[Result "1-0"]
[WhiteElo "1774"]
[BlackElo "1299"]
[Annotator "Rivier,Sylvain"]
[PlyCount "73"]
[EventDate "2025.??.??"]
[WhiteTeam "Saint-Quentin en Yvelines"]
[BlackTeam "La Dame Noire"]

{Gambit du roi} 1. e4 e5 2. f4 d6 3. Nf3 Bg4 4. Bc4 c6 5. Nc3 a5 6. a4 Bxf3 7.
Qxf3 Be7 8. fxe5 dxe5 9. Bxf7+ Kd7 10. Qf5+ Kc7 11. Qxe5+ Kc8 12. Be6+ Nd7 13.
Qxg7 Ngf6 14. O-O Kc7 15. d3 Bc5+ 16. Kh1 Rf8 17. Bg5 Be7 18. Bxd7 Kxd7 19.
Bxf6 Ke8 20. Qxe7+ Qxe7 21. Bxe7 Kxe7 22. h3 Rg8 23. Rf2 Rg3 24. Raf1 Rg7 25.
e5 Rag8 26. Ne4 Ke6 27. d4 Ke7 28. Nd6 Ke6 29. c4 Rg3 30. Rf6+ Ke7 31. Nf5+ Kd7
32. Nxg3 Rxg3 33. Rf7+ Ke8 34. Rxb7 h5 35. Rff7 h4 36. Rh7 Rg8 37. Rb8# 1-0

[Event "27e tournoi 1hKO"]
[Site "Montigny le Bretonneux"]
[Date "2025.05.29"]
[Round "2.10"]
[White "Kissian, Pascal"]
[Black "Neveu, Raphael"]
[Result "0-1"]
[WhiteElo "1650"]
[BlackElo "1741"]
[Annotator "Rivier,Sylvain"]
[PlyCount "74"]
[EventDate "2025.??.??"]
[WhiteTeam "la Tour des Clayes"]
[BlackTeam "La Dame Noire"]

{Partie du pion dame, variante Tartacover} 1. d4 Nf6 2. Bg5 d5 3. Nf3 c5 4.
Bxf6 exf6 5. dxc5 Bxc5 6. e3 O-O 7. Be2 Nc6 8. O-O Re8 9. Bb5 a6 10. Bxc6 bxc6
11. Nd4 Qc7 12. c3 Bd6 13. Nf3 Bg4 14. g3 Rab8 15. b3 a5 16. Nbd2 Qd7 17. Qc1
g5 18. c4 h5 19. Qc3 Kg7 20. Nxg5 Be5 21. Qd3 fxg5 22. Rac1 dxc4 23. Qxd7 Bxd7
24. Nxc4 Bc7 25. Rfd1 Be6 26. Kg2 a4 27. Rd3 axb3 28. axb3 Bd5+ 29. f3 Red8 30.
Rdc3 Bxc4 31. Rxc4 Rxb3 32. Rxc6 Bb6 33. e4 Rd2+ 34. Kh3 Rbb2 35. Rh1 Bg1 36.
g4 h4 37. Rc1 Rxh2+ 0-1

[Event "27e tournoi 1hKO"]
[Site "Montigny le Bretonneux"]
[Date "2025.05.29"]
[Round "2.11"]
[White "Conchou, Patrick"]
[Black "Payot, Guillaume"]
[Result "0-1"]
[WhiteElo "1399"]
[BlackElo "1729"]
[Annotator "Rivier,Sylvain"]
[PlyCount "82"]
[EventDate "2025.??.??"]
[WhiteTeam "Echecs Club d'Orgeval"]
[BlackTeam "CE Le Roi Soleil - Le Chesnay - Versailles"]

{Ouverture irrégulière} 1. b4 d5 2. Bb2 Bf5 3. e3 e6 4. c4 Nf6 5. a3 c6 6.
Nf3 Bd6 7. c5 Bc7 8. Be2 O-O 9. O-O Nbd7 10. Nh4 Bxb1 11. Rxb1 e5 12. h3 Ne8
13. Nf3 f5 14. d3 Nef6 15. d4 e4 16. Ne5 Nxe5 17. dxe5 Nd7 18. e6 Nf6 19. g4
fxg4 20. Bxg4 Qe7 21. f4 exf3 22. Bxf6 Rxf6 23. Rxf3 Raf8 24. Rxf6 Qxf6 25. Qe2
Qe5 26. Rf1 Qg3+ 27. Qg2 Qxe3+ 28. Kh1 Rxf1+ 29. Qxf1 Bf4 30. Qf3 Qxf3+ 31.
Bxf3 Kf8 32. Kg2 Ke7 33. Bg4 Bc1 34. a4 Ba3 35. b5 Bxc5 36. bxc6 bxc6 37. Kf3
Bd6 38. Ke3 c5 39. Kd3 a6 40. h4 h5 41. Bh3 Bg3 0-1

[Event "27e tournoi 1hKO"]
[Site "Montigny le Bretonneux"]
[Date "2025.05.29"]
[Round "2.12"]
[White "Chevrier, Denis"]
[Black "Branson, James"]
[Result "1-0"]
[WhiteElo "1734"]
[BlackElo "1665"]
[Annotator "Rivier,Sylvain"]
[PlyCount "33"]
[EventDate "2025.??.??"]
[WhiteTeam "Club d'Echecs de l'Arpajonnais"]
[BlackTeam "Club d'Echecs de Guyancourt"]

{Ouverture anglaise} 1. c4 e5 2. Nc3 c6 3. e3 Be7 4. g3 d6 5. Bg2 Be6 6. b3 Na6
7. Nge2 Nc7 8. d4 Bf6 9. O-O Qc8 10. Ba3 d5 11. cxd5 Nxd5 12. Rc1 Nxc3 13. Nxc3
Ne7 14. d5 Bh3 15. Ne4 Qd7 16. Nd6+ Kf8 17. Qh5 1-0

[Event "27e tournoi 1hKO"]
[Site "Montigny le Bretonneux"]
[Date "2025.05.29"]
[Round "2.13"]
[White "Adsul, Tanush"]
[Black "Cros, Isidore"]
[Result "1-0"]
[WhiteElo "1299"]
[BlackElo "1439"]
[Annotator "Rivier,Sylvain"]
[PlyCount "107"]
[EventDate "2025.??.??"]
[WhiteTeam "La Dame Noire"]
[BlackTeam "Le Petit Pouchet Paris"]

1. c4 Nf6 2. Nc3 e6 3. g3 b6 4. Bg2 Nc6 5. e3 Bb7 6. Nge2 Bb4 7. a3 Bxc3 8.
Nxc3 O-O 9. b4 Na5 10. Bxb7 Nxb7 11. d4 d5 12. Qf3 a5 13. bxa5 Nxa5 14. cxd5
exd5 15. Rb1 Nc4 16. a4 Ra5 17. h4 Re8 18. g4 Ne4 19. Nxe4 Rxe4 20. Bd2 Nxd2
21. Kxd2 Qd7 22. h5 Qxg4 23. Qxg4 Rxg4 24. Rhc1 Ra7 25. Ke2 h6 26. Rc6 Re4 27.
f3 Re7 28. Rbc1 Kf8 29. Kd3 Ke8 30. e4 dxe4+ 31. fxe4 Kd8 32. Rg1 f6 33. Ra1
Ra5 34. d5 Rd7 35. Kc4 Rd6 36. Rxd6+ cxd6 37. Kb4 Rc5 38. Rg1 Rc7 39. Kb5 Re7
40. Kxb6 Rxe4 41. a5 Kc8 42. Rxg7 Rb4+ 43. Kc6 Rc4+ 44. Kxd6 Rb4 45. a6 Kb8 46.
a7+ Ka8 47. Kc6 Rb2 48. Rg8+ Kxa7 49. d6 Rc2+ 50. Kd7 f5 51. Kd8 Kb7 52. Rg7+
Kc6 53. Rc7+ Kb6 54. Rxc2 {suite illisible} 1-0

[Event "27e tournoi 1hKO"]
[Site "Montigny le Bretonneux"]
[Date "2025.05.29"]
[Round "2.14"]
[White "Salagnac, Sowan"]
[Black "Bellabas, Alia"]
[Result "1-0"]
[WhiteElo "1640"]
[BlackElo "1399"]
[Annotator "Rivier,Sylvain"]
[PlyCount "71"]
[EventDate "2025.??.??"]
[WhiteTeam "Saint-Quentin en Yvelines"]
[BlackTeam "Club d'Echecs Perrotin"]

{Défense Philidor} 1. e4 e5 2. Nf3 Nc6 3. d4 d6 4. dxe5 dxe5 5. Qxd8+ Kxd8 6.
Bc4 Be6 7. Bxe6 fxe6 8. O-O Bd6 9. Rd1 Kd7 10. c4 Rd8 11. c5 Kc8 12. cxd6 cxd6
13. Ng5 Rd7 14. Nc3 a6 15. Be3 Nf6 16. Na4 Kb8 17. Nb6 Rc7 18. Rxd6 h6 19. Nxe6
Ne8 20. Nd7+ Kc8 21. Nb6+ Kb8 22. Nxc7 Nxd6 23. Ne6 Nxe4 24. f3 Nf6 25. Nxg7
Kc7 26. Rd1 Nd4 27. Bxd4 exd4 28. Nc4 Rd8 29. Ne6+ Kc8 30. Nb6+ Kb8 31. Nxd8
Ka7 32. Rxd4 Kxb6 33. Rd6+ Kc7 34. Rxf6 Kxd8 35. Rxh6 Kc7 36. h4 1-0

[Event "27e tournoi 1hKO"]
[Site "Montigny le Bretonneux"]
[Date "2025.05.29"]
[Round "2.15"]
[White "Bouloc, Roger"]
[Black "Longbien, Dominique"]
[Result "0-1"]
[WhiteElo "1438"]
[BlackElo "1618"]
[Annotator "Rivier,Sylvain"]
[PlyCount "75"]
[EventDate "2025.??.??"]
[WhiteTeam "La Dame Noire"]
[BlackTeam "La Dame Noire"]

{Partie espagnole, variante Cordel} 1. e4 e5 2. Nf3 Nc6 3. Bb5 Bc5 4. c3 Nf6 5.
d4 exd4 6. cxd4 Bb4+ 7. Nc3 Nxe4 8. O-O Nxc3 9. Re1+ Ne7 10. bxc3 Bxc3 11. Bd2
Bxa1 12. Qxa1 c6 13. Bd3 d5 14. Re3 O-O 15. Qe1 Ng6 16. Ne5 Nf4 17. Bc2 f6 18.
Nf3 Bg4 19. Qb1 Qd7 20. Bxh7+ Kh8 21. Bc2 Qf7 22. h3 Bh5 23. Re1 Bxf3 24. gxf3
Nxh3+ 25. Kf1 Rfe8 26. Be3 Re7 27. Ke2 Kg8 28. Kd2 Qh5 29. f4 Qf3 30. Bd1 Qg2
31. Re2 Rae8 32. f3 Qxf3 33. Qd3 Nxf4 34. Rf2 Qxf2+ 35. Bxf2 Nxd3 36. Kxd3 Rf8
37. a4 g5 38. Be1 0-1

[Event "27e tournoi 1hKO"]
[Site "Montigny le Bretonneux"]
[Date "2025.05.29"]
[Round "2.16"]
[White "Moulun, Raphael"]
[Black "Chevalier, Magali"]
[Result "*"]
[WhiteElo "1597"]
[BlackElo "1399"]
[Annotator "Rivier,Sylvain"]
[PlyCount "31"]
[EventDate "2025.??.??"]
[WhiteTeam "La Dame Noire"]
[BlackTeam "Villepreux "]

{Ouverture Bird} 1. f4 d5 2. c4 Nf6 3. cxd5 Nxd5 4. Nf3 Nxf4 5. Qa4+ Nd7 6.
Qxf4 e6 7. e4 Qf6 8. Qxc7 Qd8 9. Qxd8+ Kxd8 10. d4 Bd6 11. e5 Bc7 12. Ng5 Rf8
13. Nxh7 Rh8 14. Bg5+ f6 15. exf6 Rxh7 16. fxg7+ *

[Event "27e tournoi 1hKO"]
[Site "Montigny le Bretonneux"]
[Date "2025.05.29"]
[Round "2.17"]
[White "Carbonero, Jean Marc"]
[Black "Hajjouj, Mouhcine"]
[Result "0-1"]
[WhiteElo "1399"]
[BlackElo "1592"]
[Annotator "Rivier,Sylvain"]
[PlyCount "66"]
[EventDate "2025.??.??"]
[WhiteTeam "La Dame Noire"]
[BlackTeam "Cercle Echiquier Pertuisien"]

{Partie du pion dame} 1. e4 c6 2. d4 d5 3. Nc3 dxe4 4. Bc4 Nf6 5. f3 exf3 6.
Nxf3 Bg4 7. O-O e6 8. h3 Bxf3 9. Rxf3 Be7 10. Rg3 g6 11. Bh6 Nbd7 12. Rf3 Nb6
13. Bd3 Qxd4+ 14. Kh2 O-O-O 15. Rf4 Bd6 16. Ne2 Bxf4+ 17. Bxf4 Qd7 18. Be5 Nfd5
19. Bxh8 Rxh8 20. Qd2 Rd8 21. Qh6 f5 22. c4 Nf6 23. Rd1 Nxc4 24. Qc1 Qc7+ 25.
g3 Ne5 26. Bc2 Rxd1 27. Qxd1 Nd5 28. Nd4 Qd7 29. Bb3 Nc7 30. Nf3 Nxf3+ 31. Qxf3
Qd2+ 32. Qg2 Qxg2+ 33. Kxg2 Kd7 0-1

[Event "27e tournoi 1hKO"]
[Site "Montigny le Bretonneux"]
[Date "2025.05.29"]
[Round "2.18"]
[White "Ouaddi, Oussama"]
[Black "Leblanc, Didier"]
[Result "1-0"]
[WhiteElo "1566"]
[BlackElo "1399"]
[Annotator "Rivier,Sylvain"]
[PlyCount "61"]
[EventDate "2025.??.??"]
[WhiteTeam "Club d'Echecs de Triel sur Seine"]
[BlackTeam "Saint-Quentin en Yvelines"]

{Ouverture anglaise} 1. c4 e5 2. Nc3 d6 3. g3 Nf6 4. Bg2 c5 5. Nf3 g6 6. O-O
Bg7 7. e3 O-O 8. d4 Nc6 9. d5 Ne7 10. e4 Bg4 11. a3 b6 12. Be3 a6 13. b4 Rb8
14. Qd3 a5 15. bxa5 bxa5 16. Nb5 a4 17. h3 Bh5 18. g4 Nxg4 19. hxg4 Bxg4 20.
Nh2 Bh5 21. Bf3 Nc8 22. Bxh5 gxh5 23. Nf3 Ne7 24. Kh2 Ng6 25. Rg1 Nf4 26. Bxf4
exf4 27. Rg2 Qf6 28. Rag1 Rbd8 29. Rxg7+ Kh8 30. e5 Qe7 31. Qxh7# 1-0

[Event "27e tournoi 1hKO"]
[Site "Montigny le Bretonneux"]
[Date "2025.05.29"]
[Round "2.19"]
[White "El Hamoui, Noah"]
[Black "Meddour, Ithri"]
[Result "0-1"]
[WhiteElo "1299"]
[BlackElo "1562"]
[Annotator "Rivier,Sylvain"]
[PlyCount "46"]
[EventDate "2025.??.??"]
[WhiteTeam "Saint-Quentin en Yvelines"]
[BlackTeam "Saint-Quentin en Yvelines"]

{Défense sicilienne, variante O'Kelly} 1. e4 c5 2. Nf3 a6 3. d4 cxd4 4. Nxd4
Nf6 5. Nc3 e5 6. Nf3 Bb4 7. Bd2 Nc6 8. Bc4 O-O 9. a3 Bc5 10. O-O Re8 11. h3 Ba7
12. Bg5 h6 13. Bh4 Nd4 14. Nxd4 exd4 15. Nd5 Rxe4 16. Nxf6+ gxf6 17. Qh5 Qf8
18. Qg6+ Qg7 19. Qxe4 d5 20. Qe8+ Kh7 21. Bd3+ f5 22. Bxf5+ Bxf5 23. Qxa8 Bxh3
0-1

[Event "27e tournoi 1hKO"]
[Site "Montigny le Bretonneux"]
[Date "2025.05.29"]
[Round "2.21"]
[White "Gabory, Donatien"]
[Black "Fasquelle, Yann"]
[Result "0-1"]
[WhiteElo "1299"]
[BlackElo "1516"]
[Annotator "Rivier,Sylvain"]
[PlyCount "48"]
[EventDate "2025.??.??"]
[WhiteTeam "Club d'Echecs de Guyancourt"]
[BlackTeam "Saint-Quentin en Yvelines"]

{Défense sicilienne} 1. e4 c5 2. Nf3 e6 3. d4 cxd4 4. Nxd4 Qb6 5. Bc4 Qb4+ 6.
Nd2 Bc5 7. c3 Qb6 8. N2b3 a6 9. O-O Ne7 10. Qg4 Ng6 11. h4 O-O 12. Bf4 e5 13.
h5 Nxf4 14. a4 d5 15. exd5 Bxg4 16. a5 Qa7 17. f3 Bxh5 18. Kh2 b5 19. Nxb5 axb5
20. Bxb5 Bd6 21. g3 Nxd5 22. g4 Bg6 23. Rfd1 Qf2+ 24. Kh3 Nf4# 0-1

[Event "27e tournoi 1hKO"]
[Site "Montigny le Bretonneux"]
[Date "2025.05.29"]
[Round "2.22"]
[White "Elie, Nicolas"]
[Black "Gabory, Clement"]
[Result "1-0"]
[WhiteElo "1490"]
[BlackElo "1299"]
[Annotator "Rivier,Sylvain"]
[PlyCount "45"]
[EventDate "2025.??.??"]
[WhiteTeam "Club d'Echecs de Guyancourt"]
[BlackTeam "Club d'Echecs de Guyancourt"]

{Partie italienne} 1. e4 e5 2. Nf3 Nc6 3. Nc3 Nf6 4. Bc4 Bc5 5. O-O O-O 6. d3
d6 7. Bg5 Be6 8. Nd5 Bxd5 9. Bxd5 h6 10. Bh4 Nd4 11. c3 Nxf3+ 12. Qxf3 g5 13.
b4 gxh4 14. bxc5 dxc5 15. Bxb7 Rb8 16. Rab1 Nh7 17. Qg4+ Kh8 18. Qf5 Qxd3 19.
Qxe5+ f6 20. Qxc7 Qxc3 21. e5 fxe5 22. Be4 Rxf2 23. Qxh7# 1-0

[Event "27e tournoi 1hKO"]
[Site "Montigny le Bretonneux"]
[Date "2025.05.29"]
[Round "2.23"]
[White "Orfila, Hugo"]
[Black "Badjate, Nishchal"]
[Result "1-0"]
[WhiteElo "1299"]
[BlackElo "1470"]
[Annotator "Rivier,Sylvain"]
[PlyCount "67"]
[EventDate "2025.??.??"]
[WhiteTeam "Club d'Echecs de Guyancourt"]
[BlackTeam "La Dame Noire"]

{Défense Pirc} 1. e4 d6 2. d4 Nf6 3. Nc3 Nbd7 4. Nf3 g6 5. Bc4 Bg7 6. Bf4 O-O
7. Qd2 Ng4 8. h3 e5 9. dxe5 dxe5 10. hxg4 exf4 11. Qxf4 Re8 12. Qxf7+ Kh8 13.
Qf4 Nc5 14. Qh2 h6 15. g5 h5 16. Bf7 Bxc3+ 17. bxc3 Nxe4 18. Bxe8 Qxe8 19. O-O
Qe7 20. Rfe1 Bg4 21. Ne5 Bf5 22. g4 Nd2 23. gxf5 Kg7 24. Qf4 Qd6 25. Rad1 Rd8
26. Re2 Nf3+ 27. Kg2 Qxd1 28. Nxf3 Qxe2 29. Qxc7+ Kf8 30. Qxd8+ Kf7 31. Qf6+
Ke8 32. Qxg6+ Kd7 33. Qf7+ Kc6 34. Nd4+ 1-0

[Event "27e tournoi 1hKO"]
[Site "Montigny le Bretonneux"]
[Date "2025.05.29"]
[Round "2.24"]
[White "Tanchoux, Pierre"]
[Black "Orfila, Leila"]
[Result "1-0"]
[WhiteElo "1462"]
[BlackElo "1299"]
[Annotator "Rivier,Sylvain"]
[PlyCount "63"]
[EventDate "2025.??.??"]
[WhiteTeam "La Dame Noire"]
[BlackTeam "Club d'Echecs de Guyancourt"]

{Partie du pion dame} 1. d4 d5 2. Nf3 Nf6 3. e3 Bg4 4. Be2 e6 5. O-O Bd6 6. b3
O-O 7. Bb2 Bxf3 8. Bxf3 Ne4 9. Nd2 Qh4 10. g3 Qh3 11. Nxe4 dxe4 12. Bxe4 f5 13.
Bxb7 Rf6 14. f4 Rh6 15. Rf2 Nd7 16. Bxa8 Nf6 17. Qf1 Ng4 18. Qxh3 Rxh3 19. Re2
Bb4 20. c3 Be7 21. Bf3 Bf6 22. Bxg4 fxg4 23. e4 Bh4 24. gxh4 g3 25. hxg3 Rxg3+
26. Rg2 Rf3 27. Rf1 Rh3 28. d5 exd5 29. exd5 Rxh4 30. c4 h5 31. Rxg7+ Kh8 32.
Rg5+ 1-0

[Event "27e tournoi 1hKO"]
[Site "Montigny le Bretonneux"]
[Date "2025.05.29"]
[Round "3.1"]
[White "Alami Messaoudi, Wissam"]
[Black "Thibous, Mathis"]
[Result "0-1"]
[WhiteElo "1784"]
[BlackElo "2145"]
[Annotator "Rivier,Sylvain"]
[PlyCount "66"]
[EventDate "2025.??.??"]
[WhiteTeam "La Dame Noire"]
[BlackTeam "Fontainebleau-Avon"]

{Défense sicilienne, variante Alapine} 1. e4 c5 2. Nf3 a6 3. c3 d5 4. exd5
Qxd5 5. d4 e6 6. Be3 cxd4 7. cxd4 Nf6 8. Nc3 Qd6 9. Bd3 Be7 10. O-O Nc6 11. a3
O-O 12. Rc1 Rd8 13. Qe2 e5 14. Rfd1 exd4 15. Nxd4 Nxd4 16. Bxd4 Bg4 17. f3
Qxd4+ 18. Kh1 Be6 19. Bxh7+ Kxh7 20. Rxd4 Rxd4 21. Ne4 Nxe4 22. fxe4 Rad8 23.
h3 Rd2 24. Qh5+ Kg8 25. b4 g6 26. Qa5 Rd1+ 27. Rxd1 Rxd1+ 28. Kh2 Bd6+ 29. e5
b6 30. Qxa6 Bxe5+ 31. g3 Rd2+ 32. Kg1 Bxh3 33. Qc8+ Bxc8 0-1

[Event "27e tournoi 1hKO"]
[Site "Montigny le Bretonneux"]
[Date "2025.05.29"]
[Round "3.2"]
[White "Krivcenko, Aleksandrs"]
[Black "Almeida, Oscar Coelho"]
[Result "1-0"]
[WhiteElo "1919"]
[BlackElo "1822"]
[Annotator "Rivier,Sylvain"]
[PlyCount "53"]
[EventDate "2025.??.??"]
[WhiteTeam "Fontainebleau-Avon"]
[BlackTeam "Saint-Quentin en Yvelines"]

{Défense est-indienne} 1. d4 Nf6 2. c4 g6 3. Nc3 Bg7 4. e4 d6 5. h3 Nbd7 6.
Be3 e5 7. d5 a6 8. g4 Qe7 9. Nge2 h5 10. g5 Nh7 11. h4 b6 12. Bh3 Bb7 13. Qa4
Nhf8 14. O-O-O O-O-O 15. b4 Kb8 16. Kc2 f6 17. Rhg1 fxg5 18. hxg5 Nh7 19. Nc1
Rhf8 20. Nd3 Rf7 21. Rb1 Rdf8 22. c5 dxc5 23. bxc5 Nxc5 24. Bxc5 bxc5 25. Qc6
Rxf2+ 26. Nxf2 Rxf2+ 27. Kd1 1-0

[Event "27e tournoi 1hKO"]
[Site "Montigny le Bretonneux"]
[Date "2025.05.29"]
[Round "3.3"]
[White "Neveu, Raphael"]
[Black "Suffert, Martin"]
[Result "0-1"]
[WhiteElo "1741"]
[BlackElo "1896"]
[Annotator "Rivier,Sylvain"]
[PlyCount "62"]
[EventDate "2025.??.??"]
[WhiteTeam "La Dame Noire"]
[BlackTeam "la Tour des Clayes"]

{Défense Pirc, variante classique} 1. e4 d6 2. d4 g6 3. Nf3 Bg7 4. Bc4 Nf6 5.
Nc3 O-O 6. O-O a6 7. Re1 b5 8. Bb3 Nfd7 9. e5 b4 10. exd6 cxd6 11. Nd5 Nc6 12.
Ba4 Ndb8 13. Bb3 e6 14. Ne3 Na5 15. Nc4 Nbc6 16. Be3 Qc7 17. Qd3 Nxc4 18. Bxc4
Na5 19. Bb3 Nxb3 20. axb3 e5 21. dxe5 dxe5 22. Qc4 Qxc4 23. bxc4 e4 24. Nd4 Bb7
25. b3 Rfd8 26. Rad1 Rd7 27. Rd2 Rad8 28. Red1 h6 29. h3 Be5 30. Ne2 Bc6 31.
Rxd7 Rxd7 {suite non notée} 0-1

[Event "27e tournoi 1hKO"]
[Site "Montigny le Bretonneux"]
[Date "2025.05.29"]
[Round "3.4"]
[White "Payot, Guillaume"]
[Black "Thibous, Leo"]
[Result "0-1"]
[WhiteElo "1729"]
[BlackElo "1862"]
[Annotator "Rivier,Sylvain"]
[PlyCount "56"]
[EventDate "2025.??.??"]
[WhiteTeam "CE Le Roi Soleil - Le Chesnay - Versailles"]
[BlackTeam "Fontainebleau-Avon"]

{Défense moderne, système Averbach} 1. d4 g6 2. c4 Bg7 3. Nc3 d6 4. e4 e5 5.
d5 f5 6. Bd3 Nf6 7. Nge2 O-O 8. Qc2 f4 9. f3 g5 10. Bd2 a5 11. g4 Bxg4 12. fxg4
f3 13. O-O-O Nxg4 14. Ng3 Nf2 15. Nf5 Na6 16. Rdf1 Nb4 17. Qb1 Nbxd3+ 18. Kc2
Rxf5 19. exf5 Qf6 20. Kb3 Nc5+ 21. Ka3 Nxh1 22. Rxf3 e4 23. Rf1 h6 24. Ne2 b5
25. cxb5 Qe5 26. Bc3 Qxd5 27. Bxg7 Qc4 28. Nc3 Qb4# 0-1